El delirio de la salamandra /

Salvato in:
Dettagli Bibliografici
Autore principale: Gómez Marín, G. Leonardo (Autore)
Natura: Elettronico eBook
Lingua:spagnolo
Pubblicazione: Cali, Colombia : El Silencio Ediciones, [2025]
Soggetti:
Accesso online:Digitalia Hispánica
Tags: Aggiungi Tag
Nessun Tag, puoi essere il primo ad aggiungerne!!

MARC

LEADER 00000nam a2200000Ii 4500
001 DIGSILENC0019
003 NyNyDIG
006 m o d
007 cr |||||||||||
008 260505s2025 ck o 000 f spa d
035 |a (OCoLC)1592112404 
040 |a DGITA  |b eng  |e rda  |e pn  |c DGITA 
020 |z 9786289594010 
050 1 4 |a PQ8180.417.O4497 ebook 
100 1 |a Gómez Marín, G. Leonardo,  |e author. 
245 1 3 |a El delirio de la salamandra /  |c G. Leonardo Gómez Marín. 
264 1 |a Cali, Colombia :  |b El Silencio Ediciones,  |c [2025] 
300 |a 1 online resource. 
336 |a text  |b txt  |2 rdacontent 
337 |a computer  |b c  |2 rdamedia 
338 |a online resource  |b cr  |2 rdacarrier 
347 |a text file  |2 rdaft 
347 |b PDF 
588 0 |a Online resource; title from PDF title page (Digitalia, viewed May 5, 2026) 
655 7 |a Novels.  |2 lcgft 
791 2 |a Digitalia (Firm),  |e distributor. 
793 0 |g Digitalia eBook Collection:  |a El Silencio Ediciones 
776 0 8 |i Print version:  |a Gómez Marín, G. Leonardo.  |t Delirio de la salamandra.  |b 2 edición.  |d Cali, Colombia : El Silencio Ediciones, [2025]  |z 9786289594010 
856 4 0 |3 Digitalia Hispánica  |u https://digitalia.unach.elogim.com/a/189696/ 
910 |a Premium collection: 2026